000 00638nam a2200241Ia 4500
003 OSt
005 20220918174306.0
006 a|||||r|||| 00| 0
007 ta
008 220917b |||||||| |||| 00| 0 eng d
024 _a11,487
037 _cTextual
040 _aARTS
_cARTS
_beng
041 _2eng
_aeng
082 _aM95, L51
100 _aWoodhead Harold C.
_949908
245 0 _aCreative photographic printing mothods
260 _aLondon
_bFocal Press
_c1975
300 _a180p. illus
_ccm.
650 _aINDUSTRIAL ARTS
942 _hM95, L51
_cTEXL
_2CC
999 _c152586
_d152586